Večer pri Dunaji pieseň a pomalý valčík

Bibliographic Details
Main Author: Dusík, Gejza, 1907-1988 (Author)
Format: Book
Language:Undetermined
Published: Bratislava SHV 1954

MARC

LEADER 00000nam a2200000 a 4500
001 vtls001367857
003 SK-MaSNL
005 20260301070827.0
008 240315s1954 xx 0 und
035 |a SNK000321546 
040 |a SNK  |b slo  |c SNK  |e AACR2 
100 1 |a Dusík, Gejza,  |d 1907-1988  |4 aut  |9 111894 
245 1 |a Večer pri Dunaji  |h hudobnina  |b pieseň a pomalý valčík 
260 |a Bratislava  |b SHV  |c 1954 
500 |a Tanečný orchester, č. 5-6. 
999 |c 635621  |d 637551 
952 |t P60, <04>, [BOOK], {604}  |a SNK  |b SNK  |y VYP  |7 0  |p 17A0199090  |o snkHSC 574 D1  |i snkIII. 888/54  |0 0  |1 0  |4 0  |d 1999-07-13  |l 0  |r 2005-01-02 00:00:00  |w 2026-02-23 
952 |a SNK  |b SNK  |y PREZ  |7 0  |p 17A0481748  |o snkHSC 574  |i snk1882/56  |0 0  |1 0  |4 0  |d 2005-08-16  |l 0  |r 2026-02-23 17:36:51  |w 2026-02-23